Größte Schlachten pro Land (Asien) - Statistiken

Allgemein
  • Dieses Quiz wurde 24 mal gespielt
  • Das Durchschnittsergebnis liegt bei 19 aus 48
Antworten auf der Karte
Die Antworten werden auf der Karte rot bzw. grün angezeigt, abhängig davon wie oft sie richtig erraten wurden.
 
Antwortstatistiken
Schlacht Tote Jahr Land % Korrekt
Schlacht von Feishui 700.000+ 383 China
80%
Eroberung von Delhi 100.000-200.000+ 1398 Indien
80%
Mongolische Invasion Javas 17.000-23.000 1293 Indonesien
75%
Eroberung von Bagdad 90.000-2.000.000 1258 Irak
75%
Schlacht um Okinawa 106.755 1945 Japan
75%
Schlacht um Manila 17.010 1945 Philippinen
75%
Schlacht an den persischen Toren 700-40.700+ 330 v.Chr. Iran
70%
Schlacht um Singapur 6.714 1942 Singapur
70%
Belagerung von Jerusalem 6.000-73.000 1099 Israel
65%
Schlacht von Amman 5.000-10.000 1970 Jordanien
65%
Belagerung von Bahrain 200+ 1529 Bahrain
60%
Belagerung von Ayutthaya 210.000-1.010.000+ 1766-1767 Thailand
60%
Schlacht von Nordborneo 1.348 1945 Brunei
55%
Belagerung von Tyros 8.400-9.400 332 v.Chr. Libanon
55%
Schlacht von Gallipoli 113.350 1915-1916 Türkei
55%
Belagerung von Malakka 8.000 1640-1641 Malaysia
45%
Schlacht von Salsu 302.300 612 Nordkorea
45%
Schlacht am Jarmuk 44.000-124.000 636 Syrien
45%
Oster-Offensive 75.000-155.000+ 1972 Vietnam
45%
Schlacht auf den Reisfeldern 8.595 1945 Myanmar
40%
Schlacht von Agios Dometios 683+ 1974 Zypern
40%
Operation Freedom Deal 50.000-150.000 1970-1973 Kambodscha
35%
Operation Lam Son 719 3.524-28.418 1961 Laos
35%
Schlacht von Khalkhin Gol 48.820-51.130 1939 Mongolei
35%
Operation Curtain 17.570 1984-1988 Afghanistan
30%
Operation Searchlight 116.000+ 1971 Bangladesch
30%
Schlacht von Marib 17.850 2021 Jemen
30%
Schlacht von Schymkent 13.006 1864 Kasachstan
30%
Belagerung von Ulsan 10.621 1598 Südkorea
30%
Hsinchu-Kampagne 8.189 1895 Taiwan
30%
Schlacht von Sardarapat 5.500+ 1918 Armenien
25%
Schlacht an der Gumista 1.300+ 1993 Georgien
25%
Schlacht von Khakeekera 1.300 1811 Katar
25%
Schlacht von al-Dschahra 700-800 1920 Kuwait
25%
Ereignis vom 27. Februar 1941 150 1941 Malediven
25%
Schlacht am Hydaspes 13.000-24.000 326 v.Chr. Pakistan
25%
Schlacht von al-Bukayriyya 3.200-3.500 1904 Saudi-Arabien
25%
Operation Jayasikurui 5.712 1997-1999 Sri Lanka
25%
Schlacht von Gökdepe 15.704-20.913 1880-1881 Turkmenistan
25%
Schlacht von Khannour 500+ 1889 Vereinigte Arabische Emirate
25%
Operation All Clear 176 2003-2004 Bhutan
20%
Zweite Schlacht von Khara 303 2005 Nepal
20%
Schlacht von Mirbat 84 1972 Oman
20%
Belagerung von Kuruschata 8.000+ 329 v.Chr. Tadschikistan
20%
Operation Kalbajar 7.337 1993-1994 Aserbaidschan
15%
Operation Seroja 186.000 1975-1976 Osttimor
15%
Schlacht am Pass 30.000-40.000 731 Usbekistan
15%
Grenzkonflikte 2022 146-263+ 2022 Kirgisistan
10%
Keine übereinstimmenden Quizze gefunden
Verteilung der Resultate
Anzahl Personen mit jedem Resultat
Perzentil nach korrekt beantworteten Fragen
Ihre Resultats-Entwicklung
Sie haben dieses Quiz noch nicht gespielt